00838cam a22002657a 4500001000500000005001700005020002200022020001800044040003700062050001300099082000800112100002500120245004000145250001800185260003800203300005700241490005200298505000800350520010200358521002000460521002000480650002600500650002400526650002200550247020240108091620.0 a006053950X (pbk.) a9780060539504 aBKXcBKXdBAKERdBTCTAdDLCbeng00aPZ7.M462 a5111 aMayer, Mercerd1943-10aJust so thankful /cby Mercer Mayer aFirst Edition aNew York :bHarperFestival,c2006 a23 unnumbered pages :bColor illustrations ; c21 cm0 aNew adventures of Mercer Mayer's Little Critter aM  aLittle Critter has few material possessions but learns to be thankful for his very loving family. a550 bLexile  aM bRaz-Plus  1aFamily lifevFiction. 1aGratitudevFiction. 1aAnimalsvFiction.